| 000 | 00380nam a2200145Ia 4500 | ||
|---|---|---|---|
| 008 | 191206s9999 xx 000 0 und d | ||
| 020 | _a877547580 | ||
| 090 | _aRC564.G55 | ||
| 245 | 0 | _aInhalants: the toxic fumes | |
| 260 | _aChelsea House | ||
| 260 | _bThe Encyclopedia of psychoactive drugs | ||
| 260 | _cc1986 | ||
| 300 | _a108 p. : ill. ; 24 cm. | ||
| 999 |
_c16231 _d16231 |
||